MARC

LEADER 00000nam0a2200000 4500
001 354159
005 20231102010649.0
035 |a (RuTPU)RU\TPU\retro\11417 
090 |a 354159 
100 |a 20200617d1979 km y0rusy50 ca 
101 0 |a rus 
102 |a RU 
105 |a a z 001zy 
200 1 |a Радиолокационная фотограмметрия  |f В. И. Аковецкий, Г. Н. Донсков, Ю. Н. Корнеев, Л. Б. Неронский 
210 |a Москва  |c Недра  |d 1979 
215 |a 239 с.  |c ил. 
320 |a Предм. указ.: с. 235-237 
606 1 |a Фотограмметрия  |2 stltpush  |3 (RuTPU)RU\TPU\subj\64202  |9 81115 
610 1 |a радиолокационная съемка 
610 1 |a радиолокационные изображения 
610 1 |a радиолокационные снимки 
610 1 |a математические модели 
610 1 |a дешифрование 
610 1 |a координаты 
610 1 |a аналитические методы 
675 |a 528.71  |v 4 
700 1 |a Аковецкий  |b В. И.  |g Виктор Иванович 
701 1 |a Донсков  |b Г. Н.  |g Герман Николаевич 
701 1 |a Корнеев  |b Ю. Н.  |g Юрий Николаевич 
701 1 |a Неронский  |b Л. Б.  |g Леон Богуславович 
801 1 |a RU  |b 63413507  |c 20200617 
801 2 |a RU  |b 63413507  |c 20201222  |g RCR 
942 |c BK